000 00706nam a22002291a 4500
001 21300
003 BD-RjUL
005 20211209000654.0
008 140304s1950 enk b 001 0 eng d
035 _a(BD-RjUL)21364
035 _a(BD-RjUL)
040 _aNZOC
_beng
_cNZOC
_dNZOC
_dBD-RjUL
041 _aeng
082 0 4 _a823.8
_bGRT
100 1 _aGreig, J. Y. T.
_q(John Young Thomson),
_d1891-
_965859
245 1 0 _aThackeray :
_ba reconsideration /
_cJ. Y. T. Greig.
260 _aLondon :
_bOxford University Press,
_c1950.
300 _avii, 215 p.
_c21cm.
504 _aIncludes bibliographical references and index.
600 1 0 _aThackeray, William Makepeace,
_d1811-1863.
_965875
942 _2ddc
_cBK
999 _c21300
_d21300